| 000 | 01866nam a2200397 a 4500 | ||
|---|---|---|---|
| 001 | 0132934 | ||
| 003 | DO-SdBNP | ||
| 005 | 20180309124547.0 | ||
| 006 | 0132934 | ||
| 008 | 091123s2008 dr a 000 0 spa d | ||
| 020 | _a9789945111910 | ||
| 040 |
_aBPMSU _bspa _cBPMSU |
||
| 049 | _a | ||
| 082 | 0 | 4 |
_a3726561 _bG216e 8vo. 2008 |
| 100 | 1 | _aGarcía Cartagena, Manuel | |
| 245 | 1 | 0 |
_aEspañol 8 : _bbásica / _c Manuel García Cartagena ; dirección editorial Obdulia García de Escobar ; ilustraciones Ruddy Núñez. |
| 246 | 1 | 3 | _aEspañol 8 : guía básica |
| 260 |
_aSanto Domingo : _bSantillana, _c2008. |
||
| 300 |
_axvii, 192 p. : _bil. ; _c29 cm. |
||
| 490 | 1 | _aCoral | |
| 500 | _aLa biblioteca posee la guía | ||
| 500 | _aGuía español 8 de básica | ||
| 505 |
_tCada nuevo día trae una historia distinta -- _tCada cabeza es un mundo; cada mundo es una razón -- _t La forma del mundo es un mundo de forma -- _tPrepárate ahora para la abundancia futura -- _tCuando tenemos que hablar para convencer... -- _tJuegos de palabras: palabras que juegan -- _tTienes un compromiso; ser mejor cada día -- _t Por el camino del amor también se llega a la razón -- _tVence al corazón : convence con razón -- _tMaquinas que piensan para cerebros que sueñan -- _tLa poesía es una experiencia que se comparte. _t |
||
| 650 | 4 |
_aESPAÑOL _xENSEÑANZA BÁSICA |
|
| 650 | 4 |
_aESPAÑOL _xEDUCACIÓN PRIMARIA |
|
| 650 | 4 |
_aESPAÑOL _xESTUDIOS Y EJERCICIOS |
|
| 650 | 4 |
_aESPAÑOL _xLIBROS DE TEXTOS |
|
| 650 | 4 |
_aEDUCACIÓN PRIMARIA _zREPÚBLICA DOMINICANA |
|
| 700 | 1 |
_aGarcía Escobar, Obdulia de, _e ed. |
|
| 700 | 1 |
_aNúñez, Ruddy, _eil. |
|
| 830 | 0 | _aCoral | |
| 910 | _aValidado. Control de calidad MFF | ||
| 942 |
_2ddc _cBK |
||
| 945 | _a Remanejado para la BNPHU / 2018 VM | ||
| 956 |
_aVMATEO _b10 _c20160510 _lBPMSU _h0069 |
||
| 999 |
_c10065 _d10065 |
||